Every Fortnite Battle Pass Skin - Statistics

General Stats
  • This quiz has been taken 32 times
    2 since last reset
  • The average score is 18 of 293
Answer Stats
Hint Answer % Correct
Chapter 2 Season 2 Midas
100%
Chapter 1 Season 8 Peely
100%
Chapter 2 Season 6 Agent Jones
50%
Chapter 2 Season 2 Agent Peely
50%
Chapter 1 Season 2 Black Knight
50%
Chapter 2 Season 2 Brutus
50%
Chapter 1 Season 6 Calamity
50%
Chapter 5 Season 2 Cerberus
50%
Chapter 2 Season 8 Cube Queen
50%
Chapter 2 Season 2 Deadpool
50%
Chapter 1 Season 6 Dire
50%
Chapter 2 Season 4 Doctor Doom
50%
Chapter 1 Season 5 Drift
50%
Chapter 2 Season 7 Dr Slone
50%
Chapter 4 Season 3 Era
50%
Chapter 2 Season 4 Groot
50%
Chapter 5 Season 4 Gwenpool
50%
Chapter 5 Season 2 Hades
50%
Chapter 6 MS2 Homer Simpson
50%
Chapter 2 Season 3 Kit
50%
Chapter 5 Season 3 Megalo Don
50%
Chapter 5 Season 4 Mysterio
50%
Chapter 1 Season 4 Omega
50%
Chapter 4 Season 3 Optimus Prime
50%
Chapter 5 Season 3 Peabody
50%
Chapter 5 Season 4 Peelverine
50%
Chapter 2 Season 7 Rick Sanchez
50%
Chapter 2 Season 2 Skye
50%
Chapter 3 Season 1 Spider-Man
50%
Chapter 6 Season 3 Superman
50%
Chapter 5 Season 3 The Machinist
50%
Chapter 2 Season 4 Thor
50%
Chapter 2 Season 2 TNtina
50%
Chapter 5 Season 2 Zeus
50%
Season Remix 1-Ball
0%
Chapter 2 Season 1 8Ball vs Scratch
0%
Chapter 3 Season 3 Adira
0%
Chapter 6 Season 4 Agent Patch
0%
Chapter 4 Season 4 Ahsoka Tano
0%
Chapter 1 Season 6 A.I.M
0%
Chapter 4 Season 4 Antonia
0%
Chapter 5 Season 2 Aphrodite
0%
Chapter 6 MS1 Apprentice Evie
0%
Chapter 2 Season 3 Aquaman
0%
Chapter 5 Season 2 Artemis
0%
Chapter 6 Season 4 Battle Gamer Mae
0%
Chapter 1 Season 4 Battlehawk
0%
Chapter 6 Season 2 Big Dill
0%
Chapter 1 Season 8 Blackheart
0%
Chapter 6 MS2 Blinky Fishstick
0%
Chapter 1 Season 2 Blue Squire
0%
Chapter 5 Season 3 Brite Raider
0%
Chapter 7 Season 2 Bugs Bunny
0%
Chapter 1 Season 9 Bunker Jonesy
0%
Chapter 3 Season 4 Bytes
0%
Chapter 2 Season 1 Cameo vs Chic
0%
Chapter 5 Season 4 Captain Jones
0%
Chapter 1 Season 4 Carbide
0%
Chapter 7 Season 1 Carina
0%
Chapter 2 Season 8 Carnage
0%
Chapter 7 Season 1 Carter Wu
0%
Chapter 6 Season 2 Cassidy Quinn
0%
Chapter 1 Season X Catalyst
0%
Chapter 7 Season 1 Cat Holloway
0%
Season Remix Chaos Director
0%
Chapter 2 Season 8 Charlotte
0%
Chapter 2 Season 7 Clark Kent
0%
Chapter 2 Season 6 Cluck
0%
Chapter 6 Season 1 Daigo
0%
Chapter 1 Season 3 | Chapter 7 Season 1 Dark Voyager
0%
Chapter 3 Season 3 Darth Vader
0%
Chapter 7 Season 2 Dasha
0%
Chapter 1 Season 9 Demi
0%
Chapter 6 Season 4 Dino Megazord
0%
Chapter 1 Season 6 DJ Yonder
0%
Chapter 3 Season 2 Doctor Strange
0%
Chapter 5 Season 4 Doom
0%
Chapter 4 Season 1 Doom Slayer
0%
Chapter 1 Season 6 Dusk
0%
Chapter 4 Season 1 Dusty
0%
Season Remix Dynamo Tntina
0%
Chapter 1 Season 3 Elite Agent
0%
Chapter 7 Season 2 Elite Jules
0%
Chapter 1 Season 8 Ember
0%
Chapter 5 Season 4 Emma Frost
0%
Chapter 6 MS1 Emperor Paplatine
0%
Chapter 1 Season 5 Enforcer
0%
Chapter 4 Season 2 Eren Jaeger
0%
Chapter 3 Season 2 Erisa
0%
Chapter 2 Season 3 Eternal Knight
0%
Chapter 1 Season X Eternal Voyager
0%
Chapter 3 Season 3 Evie
0%
Chapter 7 Season 2 Exalted Ice King
0%
Chapter 2 Season 8 Fabio Sparklemane
0%
Chapter 1 Season 6 Fable
0%
Chapter 2 Season 3 Fade
0%
Chapter 4 Season 4 Fish Thicc
0%
Chapter 6 Season 2 Fletcher Kane
0%
Chapter 2 Season 1 Fusion
0%
Chapter 2 Season 2 Gear Specialist Maya
0%
Chapter 6 MS1 General Grievous
0%
Chapter 4 Season 1 Geralt of Rivera
0%
Chapter 1 Season 6 Giddy-Up
0%
Chapter 6 Season 1 Godzilla Evolved
0%
Chapter 6 Season 4 Green Power Ranger
0%
Chapter 3 Season 4 Grriz
0%
Chapter 2 Season 7 Guggimon
0%
Chapter 3 Season 1 Gumbo
0%
Chapter 3 Season 2 Gunnar
0%
Chapter 6 Season 4 HALO Spartan
0%
Chapter 3 Season 1 Harlowe
0%
Chapter 3 Season 1 Haven
0%
Chapter 6 Season 3 Haylee Skye
0%
Chapter 4 Season 1 Helsie
0%
Chapter 6 Season 1 Hero Baymax
0%
Chapter 4 Season 2 Highwire
0%
Chapter 5 Season 1 Hope
0%
Chapter 1 Season 5 Huntress
0%
Chapter 1 Season 8 Hybrid
0%
Chapter 4 Season 2 Imani
0%
Chapter 3 Season 3 Indiana Jones
0%
Chapter 6 Season 1 Jade
0%
Chapter 2 Season 8 J. B. Chimpanski
0%
Chapter 2 Season 4 Jennifer Walters
0%
Chapter 2 Season 7 Joey
0%
Chapter 6 Season 2 Joss
0%
Chapter 2 Season 1 Journey vs Hazard
0%
Chapter 2 Season 3 Jules
0%
Chapter 4 Season 4 Kado Thorne
0%
Chapter 6 Season 2 Keisha Cross
0%
Chapter 6 Season 1 Kendo
0%
Chapter 4 Season 4 Khaby Lame
0%
Chapter 3 Season 2 Kiara K.O.
0%
Chapter 6 Season 3 Killswitch
0%
Chapter 7 Season 1 Kingston
0%
Chapter 2 Season 5 Kondor
0%
Chapter 2 Season 8 Kor
0%
Chapter 5 Season 2 Korra
0%
Chapter 2 Season 7 Kymera
0%
Chapter 7 Season 2 Lady Windfrost
0%
Chapter 2 Season 6 Lara Croft
0%
Chapter 3 Season 4 Lennox Rose
0%
Chapter 2 Season 5 Lexa
0%
Chapter 6 Season 3 Lightrider
0%
Season OG Lil' Split
0%
Chapter 4 Season 3 Lorenzo
0%
Chapter 3 Season 1 Lt. John Llama
0%
Chapter 6 Season 4 Lt. Ripp Slade
0%
Chapter 1 Season 8 Luxe
0%
Chapter 1 Season 7 Lynx
0%
Chapter 4 Season 4 Mae
0%
Chapter 3 Season 3 Malik
0%
Chapter 2 Season 5 Mancake
0%
Chapter 2 Season 5 Mandalorian
0%
Chapter 6 MS2 Marge Simpson
0%
Chapter 4 Season 3 Mariposa
0%
Chapter 7 Season 1 Marty McFly
0%
Chapter 4 Season 1 Massai
0%
Chapter 1 Season 8 Master Key
0%
Chapter 2 Season 5 Mave
0%
Chapter 5 Season 2 Medusa
0%
Chapter 2 Season 5 Menace
0%
Season Remix Meowdas
0%
Chapter 2 Season 2 Meowscles
0%
Chapter 3 Season 4 Meow Skulls
0%
Chapter 7 Season 1 Miles Cross
0%
Chapter 1 Season 3 Mission Specialist
0%
Chapter 5 Season 1 Montague
0%
Chapter 1 Season 3 Moonwalker
0%
Chapter 6 Season 3 Morgan Myst
0%
Chapter 4 Season 2 Mystica
0%
Chapter 2 Season 4 Mystique
0%
Chapter 6 MS2 Ned Flanders
0%
Chapter 2 Season 6 Neymar Jr
0%
Chapter 4 Season 1 Nezumi
0%
Chapter 1 Season 6 Nightshade
0%
Chapter 5 Season 1 Nisha
0%
Chapter 4 Season 4 Nolan Chance
0%
Chapter 6 Season 1 Nyanja
0%
Chapter 2 Season 3 Ocean
0%
Season OG Omegarok
0%
Chapter 1 Season 7 Onesie
0%
Chapter 6 Season 4 Onyx Winter
0%
Chapter 5 Season 1 Oscar
0%
Chapter 6 Season 2 Outlaw Midas
0%
Chapter 5 Season 1 Peter Griffin
0%
Chapter 4 Season 4 Piper Pace
0%
Chapter 6 MS1 Poe Dameron
0%
Chapter 5 Season 2 Poseidon
0%
Chapter 1 Season 7 Powder
0%
Chapter 2 Season 5 Predator
0%
Chapter 3 Season 2 Prowler
0%
Chapter 4 Season 3 Purradise Meowscles
0%
Chapter 1 Season 5 Ragnarok
0%
Chapter 2 Season 6 Raz
0%
Chapter 2 Season 6 Rebirth Raven
0%
Chapter 1 Season 5 Redline
0%
Chapter 2 Season 5 Reese
0%
Chapter 4 Season 3 Relik
0%
Chapter 2 Season 1 Remedy vs Toxin
0%
Season OG Renegade Lynx
0%
Chapter 4 Season 2 Renzo the Destroyer
0%
Chapter 4 Season 3 Rian
0%
Chapter 5 Season 3 Ringmaster Scarr
0%
Chapter 2 Season 1 Ripley vs Sludge
0%
Chapter 4 Season 2 River Empress Mizuki
0%
Chapter 6 Season 3 Robin
0%
Chapter 3 Season 1 Ronin
0%
Chapter 1 Season 5 Rook
0%
Chapter 1 Season 9 Rox
0%
Chapter 1 Season 2 Royale Knight
0%
Chapter 1 Season 8 Ruin
0%
Chapter 5 Season 3 Rust
0%
Chapter 1 Season 3 Rust Lord
0%
Chapter 3 Season 3 Sabina
0%
Chapter 2 Season 3 Scuba Jonesy
0%
Chapter 4 Season 1 Selene
0%
Chapter 1 Season 9 Sentinel
0%
Chapter 1 Season 7 Sgt. Winter
0%
Chapter 6 Season 1 Shadow Blade Hope
0%
Chapter 3 Season 1 Shanta
0%
Chapter 5 Season 4 Shuri
0%
Chapter 1 Season 8 Sidewinder
0%
Chapter 1 Season 9 Singularity
0%
Chapter 2 Season 3 Siona
0%
Chapter 1 Season 5 Sledgehammer
0%
Chapter 3 Season 3 Snap
0%
Chapter 5 Season 1 Solid Snake
0%
Chapter 2 Season 1 Sorana
0%
Chapter 1 Season 2 Sparkle Specialist
0%
Chapter 1 Season X Sparkle Supreme
0%
Season OG Spectra Knight
0%
Chapter 3 Season 4 Spider-Gwen
0%
Chapter 2 Season 6 Spire Assassin
0%
Chapter 6 MS2 Springfielder Peely
0%
Chapter 1 Season 4 Squad Leader
0%
Chapter 7 Season 2 Squibbly
0%
Chapter 2 Season 4 Storm
0%
Chapter 3 Season 3 Stormfarer
0%
Chapter 1 Season 9 Stratus
0%
Chapter 4 Season 2 Stray
0%
Chapter 6 Season 2 Sub Zero (Bi-Han)
0%
Chapter 2 Season 7 Sunny
0%
Chapter 1 Season 5 Sun Strider
0%
Chapter 6 Season 3 Synthwave
0%
Chapter 5 Season 3 T-60 Power Armor
0%
Chapter 2 Season 6 Tarana
0%
Chapter 1 Season 4 Teknique
0%
Chapter 4 Season 1 The Ageless
0%
Chapter 7 Season 1 The Bride
0%
Chapter 3 Season 1 The Foundation
0%
Chapter 7 Season 2 The Foundation (Reforged)
0%
Chapter 3 Season 4 The Herald
0%
Chapter 1 Season 7 The Ice King
0%
Chapter 3 Season 2 The Imagined
0%
Chapter 6 Season 1 The Night Rose
0%
Chapter 7 Season 2 The Order (Reforged)
0%
Chapter 3 Season 2 The Origin
0%
Chapter 3 Season 4 The Paradigm (Reality-659)
0%
Chapter 1 Season 7 The Prisoner
0%
Chapter 1 Season 3 The Reaper
0%
Chapter 1 Season X The Scientist
0%
Chapter 1 Season 4 The Visitor
0%
Chapter 4 Season 2 Thunder
0%
Chapter 1 Season X Tilted Teknique
0%
Chapter 2 Season 4 Tony Stark
0%
Chapter 2 Season 8 Toona Fish
0%
Chapter 2 Season 8 Torin
0%
Chapter 4 Season 3 Trace
0%
Chapter 1 Season 7 Trog
0%
Chapter 3 Season 2 Tsuki 2.0
0%
Chapter 2 Season 1 Turk vs Riptide
0%
Chapter 3 Season 4 Twyn
0%
Chapter 1 Season X Ultima Knight
0%
Season Remix Undercover Skye
0%
Chapter 6 Season 2 Valentina
0%
Chapter 5 Season 1 Valeria
0%
Chapter 1 Season 4 Valor
0%
Chapter 1 Season 9 Vega
0%
Chapter 1 Season 9 Vendetta
0%
Chapter 5 Season 1 Vengeance Jones
0%
Chapter 5 Season 4 War Machine
0%
Chapter 5 Season 3 Wastelander Magneto
0%
Chapter 2 Season 4 Wolverine
0%
Chapter 6 MS1 Wookie Team Leader
0%
Chapter 1 Season X X-Lord
0%
Chapter 1 Season X Yond3r
0%
Chapter 6 Season 4 Yoo-Mi
0%
Chapter 1 Season 7 Zenith
0%
Chapter 6 Season 3 Ziggy
0%
Chapter 1 Season 4 Zoey
0%
Chapter 2 Season 7 Zyg and Choppy
0%
No matching quizzes found
Score Distribution
Percent of People with Each Score
Percentile by Number Answered
Your Score History
You have not taken this quiz since the last reset